| LEADER | 00925nam a2200229 u 4500 | ||
|---|---|---|---|
| 001 | 10023721 | ||
| 003 | upatras | ||
| 005 | 20210303073454.0 | ||
| 008 | 950921s1986 gr gre | ||
| 952 | |0 0 |1 0 |4 0 |6 534_000000000000000_ΣΠΥ |7 0 |9 191842 |a PHYS |b PHYS |d 2016-04-24 |i 03581 |l 0 |o 534 ΣΠΥ |r 2016-04-24 00:00:00 |t 1 |w 2016-04-24 |y BK15 | ||
| 999 | |c 117726 |d 117726 | ||
| 040 | |a GR-PaULI |c GR-PaULI | ||
| 041 | 0 | |a gre | |
| 100 | 1 | |a Σπυρίδης, Χαράλαμπος |9 45484 | |
| 245 | 1 | 0 | |a Μια εισαγωγή στη φυσική της μουσικής / |c Χαραλάμπους Χ. Σπυρίδη. |
| 260 | |a Θεσσαλονίκη : |b [χ.ό.], |c 1986. | ||
| 300 | |a 208 σ. : |b εικ. ; |c 24 εκ. | ||
| 505 | 1 | |a περιέχει παραρτήματα | |
| 650 | 4 | |a Ακουστική |9 232 | |
| 650 | 4 | |a Μουσική |9 2478 | |
| 852 | |a GR-PaULI |b ΠΑΤΡΑ |b ΦΥΣΙΚΟ |k ΑΕΧ-1 |h 534 ΣΠΥ |m 03581 |t 1 | ||
| 942 | |2 ddc |c BK15 | ||